000 00346nam a2200133Ia 4500
005 20260328104339.0
008 260328s9999||||xx |||||||||||||| ||und||
100 _aSevilla, Alfonso
245 0 _aArquitectura Solar para Climas calidos /
_cAlfonso Sevilla
260 _bGeohabitat
300 _a190 p.
650 _aPLAZAS Y PARQUES
942 _cBK
999 _c12027
_d12027